Elements of Agricultural Engineering/ (Record no. 216788)

MARC details
000 -LEADER
fixed length control field 00651nam a22001931 4500
005 - DATE AND TIME OF LATEST TRANSACTION
control field 20260625114638.0
010 ## - LCCN (DPL NO)
LC control number ENG-146415
020 ## - INTERNATIONAL STANDARD BOOK NUMBER
International Standard Book Number 9788195012022
Terms of availability 350.00
035 ## - SYSTEM CONTROL NUMBER
System control number EN-129947
037 ## - SOURCE OF ACQUISITION
Source of stock number/acquisition DBAD
082 ## - DEWEY DECIMAL CLASSIFICATION NUMBER
Classification number 631.3
Edition number 6
100 ## - MAIN ENTRY--PERSONAL NAME
Personal name Sahay, Jagdishwar
245 ## - TITLE STATEMENT
Title Elements of Agricultural Engineering/
Statement of responsibility, etc Jagdishwar Sahay
250 ## - EDITION STATEMENT
Edition statement 6
260 ## - PUBLICATION, DISTRIBUTION, ETC. (IMPRINT)
Place of publication, distribution, etc New Delhi
Name of publisher, distributor, etc Standard Publishers
Date of publication, distribution, etc 2022
270 ## - ADDRESS
Address 225, Gupta Place, A-2/42, Rajouri Garden Main Road
City New Delhi
Postal code 110027
Telephone number 91-011-25415043,25435043
Fax number 91-011-25374397
Electronic mail address srallbooks3@bol.net.in
300 ## - PHYSICAL DESCRIPTION
Extent 564p.
Dimensions 22cm.(pb)
942 ## - ADDED ENTRY ELEMENTS (KOHA)
Item type English Books
Classification part 631.3
Call number suffix SAH
Source of classification or shelving scheme Dewey Decimal Classification
Holdings
Withdrawn status Lost status Not for loan Collection code Home library Current library Date acquired Source of acquisition Cost, normal purchase price Full call number Barcode Copy number Cost, replacement price Koha item type
    Not For Loan Non-fiction D.B.Act.Division D.B.Act.Division 25/06/2026 Delivery of Books Act Division 350.00 631.3 SAH EN-129947 1 350.00 English Books

© Delhi Public Library
Hit Counter
free hit counter